00894 a2200145 4500003000500000005001700005040000900022082001200031100002200043245006000065260004500125300001000170505055000180650001800730Nust20230405092721.0 cNust a954,KHA aKhan,Abdul Waheed aIndia Wins Freedom The Other Side / cAbdul Waheed Khan aKarachib Pakistan Education Pressc1961 a404:p aThe Indian National Congress and its Leadership (Page-1), Azad as Historian (Page-14), Muslim Struggle for Independence (Page-35), League – Congress Relation in U.P. (Page-65), Political Developments During War (Page-100), Cripps Proposals –Quit ,Movement (Page-135), Political Parleys –General Elections (Page-181), Cabinet Mission- League Tussle (Page-216), Why Did the Congress Accept Partition ? (Page-258), The Anglo-Hindu Conspiracy (Page-298), Why the Conspiracy Failed ? (Page-347), Maulana Azads Opposition to Pakistan (Page-370). aIndia Feeedom